All 1M Cities Starting with “K” to Country - Statistics

General Stats
  • This quiz has been taken 256 times
  • The average score is 25 of 33
Answer Stats
City Country % Correct
Kabul Afghanistan
97%
Kansas City United States
96%
Kathmandu Nepal
94%
Kiev Ukraine
94%
Karachi Pakistan
93%
Kinshasa Democratic Republic of the Congo
92%
Kolkata India
92%
Kuwait City Kuwait
92%
Kuala Lumpur Malaysia
92%
Kampala Uganda
91%
Khartoum Sudan
89%
Kharkiv Ukraine
89%
Kanpur India
88%
Kaifeng China
87%
Krasnoyarsk Russia
85%
Katowice Poland
84%
Kigali Rwanda
84%
Kano Nigeria
82%
Kumamoto Japan
81%
Kunming China
79%
Kitakyushu Japan
79%
Kazan Russia
79%
Kaohsiung Taiwan
72%
Kochi India
64%
Kirkuk Iraq
54%
Kaduna Nigeria
54%
Kotā India
52%
Kumasi Ghana
51%
Kisangani Democratic Republic of the Congo
50%
Kananga Democratic Republic of the Congo
49%
Konya Turkey
47%
Kayseri Turkey
40%
Khulna Bangladesh
32%
No matching quizzes found
Score Distribution
Percent of People with Each Score
Percentile by Number Answered
Your Score History
You have not taken this quiz